La escuela única / (Record n. 31526)

Dettagli MARC
000 -LEADER
fixed length control field 01124nam a2200277 i 4500
003 - CONTROL NUMBER IDENTIFIER
control field IT-RoINE
005 - DATE AND TIME OF LATEST TRANSACTION
control field 20190725085832.0
008 - FIXED-LENGTH DATA ELEMENTS--GENERAL INFORMATION
fixed length control field 011130s2004 sp r 000 | spa d
020 ## - INTERNATIONAL STANDARD BOOK NUMBER
International Standard Book Number 8470308777
040 ## - CATALOGING SOURCE
Original cataloging agency CU-SB
Modifying agency UPSA
-- IT-RoINE
Transcribing agency esslup IT-RoINE
100 1# - MAIN ENTRY--PERSONAL NAME
Personal name Luzuriaga, Lorenzo,
9 (RLIN) 16380
Dates associated with a name 1889-1959
245 13 - TITLE STATEMENT
Title La escuela única /
Statement of responsibility, etc Lorenzo Luzuriaga ; edición y estudio introductorio de Herminio Barreiro Rodríguez.
260 ## - PUBLICATION, DISTRIBUTION, ETC. (IMPRINT)
Place of publication, distribution, etc Madrid :
Name of publisher, distributor, etc Biblioteca Nueva,
Date of publication, distribution, etc 2004.
300 ## - PHYSICAL DESCRIPTION
Extent 141 p. ;
Dimensions 21 cm.
336 ## - CONTENT TYPE
Source rdacontent
Content type term text
337 ## - MEDIA TYPE
Source rdamedia
Media type term unmediated
338 ## - CARRIER TYPE
Source rdacarrier
Carrier type term volume
490 1# - SERIES STATEMENT
Series statement Memoria y crítica de la educación.
-- Serie clasicos de la educación ;
Volume number/sequential designation 2
504 ## - BIBLIOGRAPHY, ETC. NOTE
Bibliography, etc Bibliografía: p. 139-141.
650 04 - SUBJECT ADDED ENTRY--TOPICAL TERM
Topical term or geographic name as entry element Educación
General subdivision Política gubernamental
Geographic subdivision España
Chronological subdivision 1901-1945
9 (RLIN) 61797
650 04 - SUBJECT ADDED ENTRY--TOPICAL TERM
Topical term or geographic name as entry element Enseñanza
General subdivision Reforma
Geographic subdivision España
Chronological subdivision 1901-1945
9 (RLIN) 61798
650 04 - SUBJECT ADDED ENTRY--TOPICAL TERM
Topical term or geographic name as entry element Escuelas públicas
Geographic subdivision España
Chronological subdivision 1901-1945
9 (RLIN) 61799
700 1# - ADDED ENTRY--PERSONAL NAME
Personal name Barreiro Rodríguez, Herminio,
Dates associated with a name 1937-
9 (RLIN) 61800
830 #0 - SERIES ADDED ENTRY--UNIFORM TITLE
9 (RLIN) 18470
Uniform title Memoria y crítica de la educación.
Name of part/section of a work Serie clásicos de la educación ;
Volume number/sequential designation 2
942 ## - ADDED ENTRY ELEMENTS (KOHA)
Item type Monografías
Dati di copia
Withdrawn status Lost status Damaged status Not for loan Home library Current library Date acquired Total Checkouts Full call number Barcode Date last seen Price effective from Koha item type
        Iglesia Nacional Española en Roma Iglesia Nacional Española en Roma 25/07/2019   HIS.ESP.4. 1600 57991 25/07/2019 25/07/2019 Monografías